00524 2200193 4500001002100000005001500021035002000036007000300056008004100059020002200100082001100122084001700133100001600150245006100166260003700227300001700264650001600281856003300297INLIS00000000000812120260121083744 a0010-0126000118ta260121 0 ind  a978-602-1547-47-2 a610.73 a610.73 EKO k0 aEKO PRABOWO1 aKONSEP & APLIKASI ASUHAN KEPERAWATAN JIWA /cEKO PRABOWO aYOGYAKARTA :bNUHA MEDIKA,c2017 a308 ;c24cm. 4akeperawatan aSumbangan Alumni Keperawatan